|
|
|
|
| LEADER |
00000nam0a2200000 4500 |
| 001 |
126617 |
| 005 |
20231031131928.0 |
| 010 |
|
|
|a 9785982273345
|
| 035 |
|
|
|a (RuTPU)RU\TPU\book\136973
|
| 090 |
|
|
|a 126617
|
| 100 |
|
|
|a 20071129d2007 m y0rusy50 ca
|
| 101 |
0 |
|
|a rus
|
| 102 |
|
|
|a RU
|
| 105 |
|
|
|a a j 001zy
|
| 200 |
1 |
|
|a Перевод. Романские языки: общие и лексические вопросы
|e учебное пособие
|f В. С. Виноградов
|
| 210 |
|
|
|a Москва
|c Университет
|d 2007
|
| 215 |
|
|
|a 238 с.
|c ил.
|
| 320 |
|
|
|a Список литературы: с. 226-233.
|
| 330 |
|
|
|a В пособии рассматриваются как общие теоретические вопросы современного переводоведения, так и особенности перевода текстов на романских языках, способы и приемы работы с лексическим материалом, представляющим наибольшие трудности для перевода. Издание отвечает существующим учебным программам по теории и практике перевода. Для студентов старших курсов филологических и переводческих факультетов и отделений высших учебных заведений, а также для всех, кто интересуется вопросами перевода и сопоставительного анализа языков.
|
| 610 |
1 |
|
|a языкознание
|
| 610 |
1 |
|
|a переводы
|
| 610 |
1 |
|
|a переводоведение
|
| 610 |
1 |
|
|a теория
|
| 610 |
1 |
|
|a лексика
|
| 610 |
1 |
|
|a архаизмы
|
| 610 |
1 |
|
|a имена
|
| 610 |
1 |
|
|a фразеология
|
| 610 |
1 |
|
|a каламбуры
|
| 610 |
1 |
|
|a романские языки
|
| 610 |
1 |
|
|a учебные пособия
|
| 686 |
|
|
|a Ш107
|v LBC/SL-A
|2 rubbk
|
| 686 |
|
|
|a Ш147
|v LBC/SL-A
|2 rubbk
|
| 700 |
|
1 |
|a Виноградов
|b В. С.
|g Венедикт Степанович
|
| 801 |
|
1 |
|a RU
|b 63413507
|c 20071129
|g PSBO
|
| 801 |
|
2 |
|a RU
|b 63413507
|c 20111212
|g PSBO
|
| 942 |
|
|
|c BK
|
| 959 |
|
|
|a 85/20071127
|d 1
|e 79,20
|f ЧЗИЛ:1
|